000 00704nam a2200229 a 4500
001 BRL_1277
005 20190320211126.0
008 171213s1926----mx-a######---#000-0#spa-#
041 _aspa
044 _amx
050 4 _aF1219.3.M4
_b.M66 1926
100 1 _aMontenegro, Roberto
_d1887-1968
_98162
245 1 0 _aMáscaras mexicanas
_cRoberto Montenegro.
260 _aMéxico
_b[Publicaciones de la Secretaría de Educación]
_c1926
300 _acxxxiv p.
_bil. (algunas a color), 49 láminas
_c31 cm.
500 _aIncluye dedicatoria a Ruth Lechuga
500 _aAu1487
650 1 4 _aMáscaras indígenas
_zMéxico
_94283
650 1 4 _aMáscaras
_zMéxico
_94284
902 _aGRL
942 _2lcc
_cB
999 _c10089
_d10089